Eletroquímica I - Statistics

Estatísticas Gerais
  • Esse quiz foi jogado 15 vezes
    7 desde o último reset
  • A pontuação média é 6 de 16
Estatísticas das Respostas
Questão Resposta % Correto
Compostos da Família 1A possuem NOX +1
57%
Compostos da Família 2A possuem NOX +2
57%
Qual elemento a seguir é mais provável de reduzir? Cu: E(red) = +0,34 V Zn: E(red) = -0,76 V Fe: E(red) = -0,44 V Al: E(red) = -1,66 V Cobre
57%
Qual é o polo do Ânodo em PILHAS? Negativo
57%
Qual é o polo do Cátodo em PILHAS? Positivo
57%
O NOX mais comum do hidrogênio, presente em compostos como H2O é +1
43%
O NOX mais comum do oxigênio, presente em compostos como H2O é -2
43%
Essencial para o funcionamento das pilhas e geralmente composta por soluções de KCl ou KNO3, Qual é a função da ponte salina? Equilíbrio das cargas entre as semicélulas, permitindo o fluxo de íons.
43%
Como é feito o cálculo da DDP em uma pilha? E(red maior) - E (red menor)
43%
o NOX do Carbono no Ácido Cianídrico (H-C≡N) é? +2
29%
O NOX mais comum para o Magnésio é +2
29%
Como um agente redutor atua Oxida a si mesmo para promover redução na reação
29%
Como um agente oxidante atua Reduz a si mesmo para promover oxidação na reação
29%
nas reações abaixo, qual composto sofre corrosão e qual é o eletrodo onde ocorre? Zn(0) + Cu(2+) --> Zn(2+) + Cu(0) Zinco e Ânodo
29%
O NOX mais comum para o Césio é +1
14%
Assinale o respectivo comportamento correto dos eletrodos para pilhas e eletrólises. Ânodo sempre Oxida, Cátodo sempre Reduz
14%
Nenhum quiz correspondente encontrado
Distribuição das Pontuações
Porcentagem de Pessoas com Cada Pontuação
Percentil de Números Respondidos
Sua Pontuação Histórica
Você não jogou esse quiz desde o último reset